State Quiz - Rajasthan - Statistics

General Stats
  • This quiz has been taken 330 times
  • The average score is 10 of 20
Answer Stats
Hint Answer % Correct
Capital city Jaipur
88%
Meaning of "Rajasthan" Land of {King}s
71%
That city's most common nickname {Pink} City
71%
Huge desert that covers Rajasthan Thar Desert
70%
Second most populated city Jodhpur
69%
India's longest canal (hint: a prime minister) Indira GandhiCanal
66%
India's first of these was first tested in Pokhran in 1974 Nuclear Weapon
62%
"City of Lakes" Udaipur
56%
Smallest state Rajasthan borders Haryana
55%
Religion Dilwara Temple is for Jainism
55%
The white marble used in this popularsite was mined from Rajasthan Taj Mahal
55%
Nickname of the above {Blue} City
53%
Language spoken in western Rajasthan (hint: starts with M) Marwari
45%
Rajasthan's only hill station Mount {Abu}
45%
Bhadla is the world's largest area with the concentration of devices that produce this type of electricity Solar power
38%
Historical fort located near the above {Amber} Fort
37%
Type of clothing with the namesake of that city Pants / Boot
26%
Longest river Luni River
21%
World’s earliest known ploughed field Kalibangan
15%
National park and World Heritage Site Keoladeo
12%
No matching quizzes found
Score Distribution
Percent of People with Each Score
Percentile by Number Answered
Your Score History
You have not taken this quiz